000 00439nam a2200145Ia 4500
008 240719s9999 xx 000 0 und d
041 _aeng
082 _a158.1 MCR
100 _aMcraven, H William
245 _aMake Your Bed Little Things That Can Change Your Life And Maybe The World
260 _aNew Delhi
_bPenguin Random House
_c2017
300 _a130.; P. 22 Cm
365 _cRS
520 _aFaculty Purchase By Dr. Jitendra Sharma
999 _c41431
_d41431